000 00567nam a2200229Ia 4500
003 OSt
005 20221007111102.0
006 a|||||r|||| 00| 0
007 ta
008 221006b |||||||| |||| 00| 0 eng d
024 _a22,528
037 _cTextual
040 _aLCO
_cLCO
_beng
041 _2eng
_aeng
082 _aX724qN62, M2
245 0 _aIncome Tax Rules 1962
260 _aAllahabad
_bCentral Law Agency India
_c1982
300 _a367
650 _aINCOME TAX
942 _hX724qN62, M2
_cTEXL
999 _c1192091
_d1192091